Marketing Management (Record no. 2012)

MARC details
000 -LEADER
fixed length control field 00413nam a22001697a 4500
005 - DATE AND TIME OF LATEST TRANSACTION
control field 20160528095755.0
008 - FIXED-LENGTH DATA ELEMENTS--GENERAL INFORMATION
fixed length control field 160528b xxu||||| |||| 00| 0 eng d
020 ## - INTERNATIONAL STANDARD BOOK NUMBER
ISBN 978-8125-773-2
041 ## - LANGUAGE CODE
Language code of text/sound track or separate title eng
082 ## - DEWEY DECIMAL CLASSIFICATION NUMBER
Item number 5640
100 ## - MAIN ENTRY--AUTHOR NAME
Personal name Rajagopal
245 ## - TITLE STATEMENT
Title Marketing Management
260 ## - PUBLICATION, DISTRIBUTION, ETC. (IMPRINT)
Place of publication New Delhi
Name of publisher Vikas Publishing House (P) Ltd.
Year of publication 2009
300 ## - PHYSICAL DESCRIPTION
Number of Pages 299
650 ## - SUBJECT ADDED ENTRY--TOPICAL TERM
Topical Term Management
942 ## - ADDED ENTRY ELEMENTS (KOHA)
Koha item type Books
Holdings
Lost status Damaged status Collection code Home library Current library Shelving location Date acquired Cost, normal purchase price Full call number Accession Number Koha item type
    MANAGEMENT JRU Library JRU Library SHELF-36-C 28/05/2016 310.00 5640 5640 Books
    MANAGEMENT JRU Library JRU Library SHELF-36-C 28/05/2016 310.00 5640 5641 Books
    MANAGEMENT JRU Library JRU Library SHELF-36-C 28/05/2016 310.00 5640 5642 Books
    Reference JRU Library   SHELF-28-J 28/05/2016 310.00 5640 5643 Books
    MANAGEMENT JRU Library JRU Library SHELF-36-C 28/05/2016 310.00 5640 5644 Books
    MANAGEMENT JRU Library JRU Library SHELF-36-C 28/05/2016 310.00 5640 5645 Books
    MANAGEMENT JRU Library JRU Library SHELF-36-C 28/05/2016 310.00 5640 5646 Books
    MANAGEMENT JRU Library JRU Library SHELF-36-C 28/05/2016 310.00 5640 5647 Books
    MANAGEMENT JRU Library JRU Library SHELF-36-C 28/05/2016 310.00 5640 5648 Books
    MANAGEMENT JRU Library JRU Library SHELF-36-C 28/05/2016 310.00 5640 5649 Books
    MANAGEMENT JRU Library JRU Library SHELF-36-C 28/05/2016 310.00 5640 5650 Books
    MANAGEMENT JRU Library JRU Library SHELF-36-C 28/05/2016 310.00 5640 5651 Books